The Social Myths of Student Subjects : A study of dominating subject positions in political documents in Swedish educational discourse 1990-2009.

Bibliographic Details
Main Author: Terning, Maria.
Format: eBook
Language:English
Published: Linköping : Linköping University Electronic Press, 2019.
Edition:1st ed.
Subjects:
Online Access:Click to View
LEADER 01507nam a22003373i 4500
001 EBC5796412
003 MiAaPQ
005 20240729202202.0
006 m o d |
007 cr cnu||||||||
008 240729s2019 xx o ||||0 eng d
020 |a 9789176494806  |q (electronic bk.) 
035 |a (MiAaPQ)EBC5796412 
035 |a (Au-PeEL)EBL5796412 
035 |a (OCoLC)1108567829 
040 |a MiAaPQ  |b eng  |e rda  |e pn  |c MiAaPQ  |d MiAaPQ 
100 1 |a Terning, Maria. 
245 1 4 |a The Social Myths of Student Subjects :  |b A study of dominating subject positions in political documents in Swedish educational discourse 1990-2009. 
250 |a 1st ed. 
264 1 |a Linköping :  |b Linköping University Electronic Press,  |c 2019. 
264 4 |c {copy}2016. 
300 |a 1 online resource (188 pages) 
336 |a text  |b txt  |2 rdacontent 
337 |a computer  |b c  |2 rdamedia 
338 |a online resource  |b cr  |2 rdacarrier 
588 |a Description based on publisher supplied metadata and other sources. 
590 |a Electronic reproduction. Ann Arbor, Michigan : ProQuest Ebook Central, 2024. Available via World Wide Web. Access may be limited to ProQuest Ebook Central affiliated libraries.  
655 4 |a Electronic books. 
776 0 8 |i Print version:  |a Terning, Maria  |t The Social Myths of Student Subjects  |d Linköping : Linköping University Electronic Press,c2019 
797 2 |a ProQuest (Firm) 
856 4 0 |u https://ebookcentral.proquest.com/lib/matrademy/detail.action?docID=5796412  |z Click to View